00836nam a2200217Ia 4500003000900000008004100009020001800050040001600068080002200084111007700106245019800183260004600381300001400427490002700441650004100468650002300509650001200532650001500544700002600559700003300585IN-BaIIA211028s9999 xx 000 0 eng d a0-8165-0983-2 cIIA Library a082.2:52bIAU-C77 aInternational Astronomical Union Colloquiumn77thcTucsond1983 July 5-9 0aSatellitesbproceedings of the international astronomical union colloquium no.77 held in Cornel University,Thaca, New York,July 5-9, 1983cedited by Joseph A. Burns and Milded Shapley Matthews aTucsonbUniversity of Arizona Pressc1986 ax, 1021p. aIAU Colloquium, no. 77 aAstronomy and Astrophysics thesaurus aNatural satellites aPlanets aSatellites aBurns, Joseph A., ed. aMatthews, Milded Shapley ed.